Vol. 76, № 4; Ecology

Bibliografiske detaljer
Parent link:Ecology: журнал. Vol. 76, № 4.— , 1995.— 0012-9658
Sprog:engelsk
Udgivet: 1995
Format: MixedMaterials Bog
KOHA link:https://koha.lib.tpu.ru/cgi-bin/koha/opac-detail.pl?biblionumber=568951

MARC

LEADER 00000nam2a2200000 4500
001 568951
005 20231101124657.0
035 |a (RuTPU)RU\TPU\prd\266341 
035 |a RU\TPU\prd\266336 
090 |a 568951 
100 |a 20161130c19959999k y0engy50 ba 
101 0 |a eng 
102 |a US 
200 0 |a Vol. 76, № 4 
210 |d 1995 
461 1 |0 (RuTPU)RU\TPU\prd\24  |x 0012-9658  |t Ecology  |o журнал  |v Vol. 76, № 4  |d 1995 
801 0 |a RU  |b 63413507  |c 20010227  |g PSBO 
801 1 |a RU  |b 63413507  |c 20020228  |g PSBO 
801 2 |a RU  |b 63413507  |c 20161130  |g PSBO 
942 |c BK 
999 |a НТБ_ТПУ  |b НФ  |e -19/20160111  |p П-693  |u 0,00  |v 1